LEADER 01167cam0-22003371i-450- 001 990000122190403321 005 20130227104303.0 035 $a000012219 035 $aFED01000012219 035 $a(Aleph)000012219FED01 035 $a000012219 100 $a20121112d1994----km-y0itay50------ba 101 0 $aita 102 $aIT 105 $aa-------001yy 200 1 $a<>sicurezza nel trasporto aereo$e(safety)$fMinistero dei trasporti, Direzione generale programmazione, organizzazione e coordinamento$ga cura di R. Passatore e F. D'Amico 205 $a2. ed. 210 $aRoma$cMinistero dei trasporti$d1994 215 $a353 p.$cill.$d29 cm 610 0 $aTrasporti aerei$aSicurezza 676 $a363.124$v20$zita 702 1$aD'Amico,$bFranco$f<1956- > 702 1$aPassatore,$bRoberto 710 01$aItalia.$bMinistero dei trasporti e della navigazione.$bDirezione generale programmazione, organizzazione e coordinamento$0375694 801 0$aIT$bUNINA$gREICAT$2UNIMARC 901 $aBK 912 $a990000122190403321 952 $a13 F 16 32$b7689$fFINBC 959 $aFINBC 996 $aSicurezza nel trasporto aereo$9114133 997 $aUNINA LEADER 00916nam0-2200277 --450 001 9910515208003321 005 20220114134003.0 010 $a978-88-6184-838-2 100 $a20220114d2020----kmuy0itay5050 ba 101 0 $aita$cita 102 $aIT 105 $ay 001yy 200 1 $aProve di politica estera$ela cooperazione politica europea, l?Atto unico europeo e la fine della guerra fredda$fMaria Eleonora Guasconi 210 $a[Milano]$cMondadori università$d2020 215 $aVI, 239 p.$d21 cm 225 1 $aCollana di storia internazionale$v8 610 0 $aCooperazione internazionale$aEuropa 676 $a327.17094$v23$zita 700 1$aGuasconi,$bMaria Eleonora$0464510 801 0$aIT$bUNINA$gREICAT$2UNIMARC 901 $aBK 912 $a9910515208003321 952 $aCOLLEZ. 2853 (8)$b1360/2021$fFSPBC 959 $aFSPBC 996 $aProve di politica estera$91769395 997 $aUNINA